| 000 | 00593nam a22002051 4500 | ||
|---|---|---|---|
| 001 | sa 67000232 | ||
| 003 | DLC | ||
| 005 | 20260227112313.0 | ||
| 008 | 740123s1966 ii a 00000 eng | ||
| 010 | _asa 67000232 | ||
| 025 | _aPL480:I-E-6325 | ||
| 043 | _aa-ii--- | ||
| 050 | 0 |
_aHE271 _b.A72 |
|
| 082 | _a380.50954 | ||
| 110 | 1 | 0 |
_aIndia (Republic) _bCommittee on Transport Policy and Coordination. |
| 245 | 0 | 0 | _aFinal report. |
| 260 | 0 |
_aNew Delhi, _bGovt. of India, Planning Commission, _c1966. |
|
| 300 |
_avii, 340 p. _billus. _c24 cm. |
||
| 650 | 0 |
_aTransportation and state _zIndia. |
|
| 999 |
_c71838 _d71838 |
||